Chính sách thương mai trong điều kiện hội nhập : (Sách tham khảo)
Nội dung sách giới thiệu những nguyên lý cơ bản về xây dựng và thực thi chính sách thương mại trong điều kiện hội nhập. Thực trạng chính sách thương mại của nước ta từ 1986 đến nay. Phương hướng đổi mới và hoàn thiện chính sách thươn...
Saved in:
| Main Author: | |
|---|---|
| Format: | Book |
| Language: | Undetermined |
| Published: |
Hà Nội
Chính trị Quốc gia
2001
|
| Subjects: | |
| Tags: |
Add Tag
No Tags, Be the first to tag this record!
|
| Institutions: | Trung tâm Học liệu Trường Đại học Cần Thơ |
|---|
| LEADER | 01138nam a2200217Ia 4500 | ||
|---|---|---|---|
| 001 | CTU_227525 | ||
| 008 | 210402s9999 xx 000 0 und d | ||
| 082 | |a 381.3 | ||
| 082 | |b Th121 | ||
| 100 | |a Hoàng, Đức Thân | ||
| 245 | 0 | |a Chính sách thương mai trong điều kiện hội nhập : | |
| 245 | 0 | |b (Sách tham khảo) | |
| 245 | 0 | |c Hoàng Đức Thân (chủ biên) | |
| 260 | |a Hà Nội | ||
| 260 | |b Chính trị Quốc gia | ||
| 260 | |c 2001 | ||
| 520 | |a Nội dung sách giới thiệu những nguyên lý cơ bản về xây dựng và thực thi chính sách thương mại trong điều kiện hội nhập. Thực trạng chính sách thương mại của nước ta từ 1986 đến nay. Phương hướng đổi mới và hoàn thiện chính sách thương mại trong điều kiện hội nhập. | ||
| 650 | |a Chính sách thương mại,Commercial policy | ||
| 650 | |x Trường hợp nghiên cứu,Case studies | ||
| 910 | |b dqhieu | ||
| 980 | |a Trung tâm Học liệu Trường Đại học Cần Thơ | ||